Statistics for Religion by Letter - J

Click here to take the quiz!

General Stats

  • This quiz has been taken 114 times
    (69 since last reset)
  • The average score is 16 of 20

Answer Stats

HintAnswer% Correct
Country where Rastafari is practicedJamaica
96%
Country where Shintoism originatedJapan
96%
Term for a follower of the aboveJew
96%
Religion that follows the TorahJudaism
96%
Capital of the Abrahamic religionsJerusalem
94%
Arabic word that means "struggle"
and sometimes "holy war"
Jihad
91%
Name of the earthly father of JesusJoseph
91%
He betrayed Jesus for silverJudas
91%
Restorationist Christian denomination
founded by Charles Taze Russell
{Jehovah}'s
Witnesses
89%
River where Jesus was baptizedJordan
89%
King who commissioned a Bible in 1604James I
81%
Roman version of ZeusJupiter
81%
He was swallowed by a "great fish"Jonah
77%
Polish pope elected in 1978John Paul II
75%
His sons became the 12 tribes of IsraelJacob
74%
Non-violent Indian religionJainism
72%
Term for a member of "Society of Jesus"Jesuit
70%
Kingdom of King HerodJudea
60%
Battle in which Joshua foughtJericho
51%
Islam's final abode of the righteousJannah
26%

Score Distribution

Percentile by Number Answered

Percent of People with Each Score

Your Score History

You have not taken this quiz since the last reset